Missale Romanum Ex Decreto Sacrosancti Concilij Tridentini restitutum, ...

Bibliographic Details
Format: Book
Language:Slovak
Published: Venetiis Apvd Ivntas 1631

MARC

LEADER 00000nam a2200000 a 4500
001 vtls001397439
003 SK-MaSNL
005 20260224023456.0
008 180126sm y0 xo r 0 slo
020 |c 4.500,00 
035 |a SNK000351845 
040 |a SNK  |b slo  |c SNK  |e AACR2 
044 |a xo  |c SK 
245 1 |a Missale Romanum Ex Decreto Sacrosancti Concilij Tridentini restitutum, ... 
260 |a Venetiis Apvd Ivntas  |c 1631 
999 |c 810752  |d 812682 
952 |t P60, <04>, [BOOK], {604}  |a SNK  |b SNK  |y PREZ  |7 0  |p 17A0708479  |o snkIB 70171  |i snkK 676/2000  |0 0  |1 0  |4 0  |d 2000-10-03  |l 0  |r 2005-01-02 00:00:00  |w 2026-02-24